Które miasto ludniejsze? - woj. kujawsko-pomorskie - Statystyki

Ogólne statystyki
  • Ten quiz został rozwiązany 60 razy
  • Średni wynik to 6 z 10
Statystyki odpowiedzi
Zagadnienie Odpowiedź % Poprawnych
Które z tych miast jest ludniejsze? Bydgoszcz
96%
Które z tych miast jest ludniejsze? Lipno
67%
Które z tych miast najludniejsze? Nakło nad Notecią
67%
Które z tych miast jest najludniejsze? Włocławek
67%
Które z tych miast jest ludniejsze? Chełmża
58%
Które z tych miast jest ludniejsze? Brodnica
54%
Które z tych miast jest ludniejsze? Ciechocinek
54%
Które z tych miast jest ludniejsze? Wąbrzeźno
54%
Które z tych miast jest najludniejsze? Świecie
50%
Które z tych miast jest ludniejsze? Janikowo
25%
Nie znaleziono quizów pasujących do podanych kryteriów
Rozkład punktacji
Procent ludzi z każdym wynikiem
Percentyl według liczby udzielonych odpowiedzi
Twoja historia wyników
Nie rozwiązałeś tego quizu